000 00486nam a2200181Ia 4500
005 20250923150011.0
008 008 250917s9999 xx 000 0 eng d
037 _aTextual
040 _aDSWL
_beng
_cDSWL
041 _aeng
_2eng
084 _qDSWL
245 0 _aFormation and management of a society 1998
_c by Nabhi Publication
260 _aNew Delhi
_bNabhi Publication
_c1998
365 _aINR
_b100.00
925 _g100.00
942 _cTEXL
999 _c1458359
_d1458359